000 00693nam a2200253Ia 4500
003 OSt
005 20220918192557.0
006 a|||||r|||| 00| 0
007 ta
008 220917b |||||||| |||| 00| 0 eng d
024 _a69,138
037 _cTextual
040 _aARTS
_cARTS
_beng
041 _2eng
_aeng
082 _aR3,(Q:31), N6
100 _aSmart J J C
_979369
245 0 _aAtheism and theism
260 _aOxford
_bBlackwell
_c1996
300 _avi,234p.
_ccm.
490 _aGreat debates in philosophy ed by Ernest Sosa; 6
700 _a Haldane J J
_979499
942 _hR3,(Q:31), N6
_cTEXL
_2CC
999 _c195301
_d195301